| 000 | 00904cam a22002653a 4500 | ||
|---|---|---|---|
| 001 | 20662 | ||
| 003 | PGUSA | ||
| 005 | 20140828083436.0 | ||
| 008 | 070225s2007||||xxu|||||s|||||000 | eng d | ||
| 040 |
_aPGUSA _beng |
||
| 042 | _adc | ||
| 050 | 4 | _aLB | |
| 100 | 1 |
_aTerman, Lewis Madison, _d1877-1956 |
|
| 245 | 1 | 4 |
_aThe Measurement of Intelligence : _bAn Explanation of and a Complete Guide for the Use of the Stanford Revision and Extension of the Binet-Simon Intelligence Scale _h[electronic resource] / _cLewis Madison Terman |
| 260 |
_bProject Gutenberg, _c2007 |
||
| 506 | _aPublic domain in the USA. | ||
| 516 | _aElectronic text | ||
| 653 | _aIntelligence tests | ||
| 653 | _aChild development | ||
| 653 | _aPsychophysiology | ||
| 700 | 1 |
_aCubberley, Ellwood Patterson, _d1868-1941 |
|
| 830 | 0 |
_aProject Gutenberg _v20662 |
|
| 856 | 4 | 0 | _uhttp://www.gutenberg.org/ebooks/20662 |
| 942 | _cEB | ||
| 999 |
_c249917 _d249917 |
||